The unlikely secret agent (Record no. 407098)

MARC details
000 -LEADER
fixed length control field 00286nam a2200097Ia 4500
082 ## - DEWEY DECIMAL CLASSIFICATION NUMBER
Classification number 322.42092 KASR
008 - FIXED-LENGTH DATA ELEMENTS--GENERAL INFORMATION
fixed length control field 210817s9999 xx 000 0 und d
100 ## - MAIN ENTRY--PERSONAL NAME
Personal name Kasrils, Ronald Auckland Park, South Africa, 2010
9 (RLIN) 60969
245 #0 - TITLE STATEMENT
Title The unlikely secret agent
942 ## - ADDED ENTRY ELEMENTS
item type Books

No items available.